| Поле | Название | Значение |
| |
Тип записи |
a |
| |
Библиографический уровень |
m |
| 001 |
Контрольный номер |
UONB/MAIN/7568fc45992c414d92d8d44b7e6694bf |
| 005 |
Дата корректировки |
20260428162450.1 |
| 010 |
Индекс ISBN |
__ |
| d |
Цена |
25 к. |
| 9 |
Тираж |
1500 экз. |
| 100 |
Данные общей обработки |
__ |
| a |
Данные общей обработки |
20260428d1986 u y0rusy0189 ca |
| 101 |
Язык документа |
0_ |
| a |
Язык текста |
rus |
| 102 |
Страна публикации |
__ |
| a |
Страна публикации |
RU |
| 105 |
Кодированные данные (монография) |
__ |
| a |
Кодированные данные (монография) |
a z 001yy |
| 200 |
Заглавие и сведения об ответственности |
1_ |
| a |
Заглавие |
Лабораторный практикум по биохимии и товароведению масличного сырья |
| e |
Сведения, относящиеся к заглавию |
учебное пособие для вузов по специальности "Технология жиров" |
| f |
Первые сведения об ответственности |
В. Г. Щербаков, С. Б. Иваницкий, В. Г. Лобанов |
| 203 |
Вид содержания и тип средства |
__ |
| a |
Вид содержания |
Текст |
| b |
Характеристика содержания |
визуальный |
| c |
Тип средства |
непосредственный |
| 210 |
Выходные данные |
1_ |
| a |
Место издания |
Москва |
| c |
Издательство |
Агропромиздат |
| d |
Дата издания |
1986 |
| 215 |
Физическое описание |
__ |
| a |
Объем |
85, [3] с. |
| c |
Иллюстрации/тип воспроизводства |
ил. |
| d |
Формат |
19 см |
| 320 |
Библиография |
__ |
| a |
Библиография |
Библиогр.: с. 87 |
| 606 |
Тематические рубрики |
0_ |
| a |
Основная рубрика |
Растительные масла |
| x |
Основная подрубрика |
Производство |
| x |
Основная подрубрика |
Сырье |
| x |
Основная подрубрика |
Биохимия |
| j |
Формальный подзаголовок |
Практические работы учащихся |
| 606 |
Тематические рубрики |
0_ |
| a |
Основная рубрика |
Растительные масла |
| x |
Основная подрубрика |
Производство |
| x |
Основная подрубрика |
Сырье |
| x |
Основная подрубрика |
Товароведение |
| j |
Формальный подзаголовок |
Практические работы учащихся |
| 610 |
Ключевые слова |
0_ |
| a |
Ключевые слова |
растительные масла; производство растительных масел; биохимия растительных масел |
| 675 |
Индекс УДК |
__ |
| a |
Индекс УДК |
6П7.57 |
| 675 |
Индекс УДК |
__ |
| a |
Индекс УДК |
338Т8.151(075.2) |
| 700 |
Автор |
_1 |
| a |
Фамилия |
Щербаков |
| b |
Имя (инициалы) |
В. Г. |
| g |
Полное личное имя |
Владимир Григорьевич |
| 701 |
Альтернативная интеллектуальная ответственность |
_1 |
| a |
Фамилия |
Иваницкий |
| b |
Имя (инициалы) |
С. Б. |
| g |
Полное личное имя |
Станислав Борисович |
| 701 |
Альтернативная интеллектуальная ответственность |
_1 |
| a |
Фамилия |
Лобанов |
| b |
Имя (инициалы) |
В. Г. |
| g |
Полное личное имя |
Владимир Григорьевич |
| 801 |
Источник записи |
_0 |
| a |
Страна |
RU |
| b |
Организация |
Ульяновская ОНБ |
| c |
Дата составления |
20260428 |
| g |
Правила каталогизации |
RCR |
| 801 |
Источник записи |
_1 |
| a |
Страна |
RU |
| b |
Организация |
Ульяновская ОНБ |
| c |
Дата составления |
20260428 |
| g |
Правила каталогизации |
RCR |
| 901 |
Тип документа |
__ |
| t |
Тип документа |
m |
| 909 |
Создатель записи |
__ |
| a |
Создатель записи |
Мышкова |
| b |
Дата создания записи |
20260428 |